000 00486cam a2200193ua 4500
001 1465
005 20260515113334.0
008 111220n ii |||gr||||Z||||||eng
040 _cMAIN
082 _a331
100 _aWirtz, W. Willard,
245 1 _aLabour and the public interest
_cby W. Willard Wirtz
250 _a1st.
260 _aDelhi:
_bUniversal bookstall ,967.
300 _axxi;196p:
_c23cm.
653 _aEconomics
653 _aLabour the public interest
942 _cBK
999 _c1354
_d1354